000 01097cab a22002055a 4500
001 L144949
008 080826s2008 xxk adof 000 0 eng d
035 _a(Sirsi) u144949
041 0 _aeng
110 2 _aInstitution of Civil Engineers ICT Panel
_95598
245 0 0 _aBriefing
_bknowledge and information management for major projects
260 _c2008
490 _aProceedings of the Institution of Civil Engineers
_bManagement, Procurement and Law
_v161(MPI) February 2008, 9-16(8)
520 _aHelps to identify the problems facing adoption of best working practices of information management on major projects. Discusses the goal of supporting the whole life cycle from the beginning of the projects to operation and maintenance, and disposal or change of use of the facility. Provides the steps to address the lack of knowledge. Lists and explains the key industry standards for a Common Data Environment (CDE).
590 _aKA
650 2 4 _aCOMMON DATA ENVIRONMENT (CDE)
651 4 _aInternational
690 _aMANAGEMENT-BUSINESS MANAGEMENT-INFORMATION MANAGEMENT
942 _n0
999 _c80660
_d80660